| 000 | 00435pab a2200157 454500 | ||
|---|---|---|---|
| 008 | 180718b2014 xxu||||| |||| 00| 0 eng d | ||
| 100 | _aNaik, B.M. | ||
| 245 | _aColleges / universities need urgently to establish research park to make India globally competitive | ||
| 260 | _c2014 | ||
| 300 | _ap,.146-152 | ||
| 362 | _a17 Feb | ||
| 650 | _aIndustry and education | ||
| 773 | _aUniversity News | ||
| 908 | _aN | ||
| 909 | _a103074 | ||
| 999 |
_c103071 _d103071 |
||